| 000 | 00707nam a22002297a 4500 | ||
|---|---|---|---|
| 005 | 20170124110038.0 | ||
| 010 | _aA-117795 | ||
| 020 | _c00.00 | ||
| 035 | _aA-117795 | ||
| 037 | _bCen Lib/Ret | ||
| 040 |
_aDPL _bEN |
||
| 082 |
_a883.08 _bDIC |
||
| 100 |
_aDickens, Charles _923040 |
||
| 245 |
_aThe humour of Dickens / _cby Charles Dickens; chosen by R. J. Cruikshank |
||
| 260 |
_aLondon _b"News Chronicle" Publications |
||
| 270 |
_bLondon _a12-22 Bouverie Street |
||
| 300 |
_axiv,145p.: _c21cm(Hb) _bill. |
||
| 650 |
_aEnglish wit and humor _923041 |
||
| 650 |
_aDickens, Charles, -- 1812-1870 _923042 |
||
| 700 |
_aCruikshank, R. J. _923043 |
||
| 942 |
_2ddc _cEN _h883.08 _mDIC |
||
| 999 |
_c128317 _d128317 |
||